Vista normal Vista MARC

Entrada Personal Name

Número de registros utilizados en: 1

001 - CONTROL NUMBER

  • control field: 11087

003 - CONTROL NUMBER IDENTIFIER

  • control field: OSt

005 - DATE AND TIME OF LATEST TRANSACTION

  • control field: 20200930225032.0

008 - FIXED-LENGTH DATA ELEMENTS

  • fixed length control field: 200930|| aca||aabn | a|a d

040 ## - CATALOGING SOURCE

  • Original cataloging agency: OSt
  • Transcribing agency: OSt

100 ## - HEADING--PERSONAL NAME

  • Personal name: Lennon, John,
  • General subdivision: biografías
  • Chronological subdivision: 1940-1980

670 ## - SOURCE DATA FOUND

  • Source citation: Work cat.: (OSt)3247: Sierra i Fabra, Jordi, autor 8336, John Lennon : , 2005